Powiaty z najkrótszymi nazwami - Statystyki

Ogólne statystyki
  • Ten quiz został rozwiązany 20 razy
  • Średni wynik to 11 z 20
Statystyki odpowiedzi
Powiat # % Poprawnych
miasto {Chełm} 5
79%
miasto {Łódź} 4
79%
miasto {Opole} 5
71%
miasto {Płock} 5
71%
miasto {Radom} 5
71%
miasto {Sopot} 5
71%
miasto {Konin} 5
64%
miasto {Toruń} 5
64%
ełcki 5
57%
miasto {Bytom} 5
57%
pucki 5
57%
leski 5
50%
miasto {Łomża} 5
50%
miasto {Żory} 4
50%
rycki 5
50%
łaski 5
43%
piski 5
43%
buski 5
36%
nyski 5
36%
suski 5
29%
Nie znaleziono quizów pasujących do podanych kryteriów
Rozkład punktacji
Procent ludzi z każdym wynikiem
Percentyl według liczby udzielonych odpowiedzi
Twoja historia wyników
Nie rozwiązałeś tego quizu